000 01953nam a2200277Ia 4500
999 _c51929
_d51929
001 18929
003 GE_BSU
005 20220920161707.0
008 181216s2008||||ge |||||||||||||| ||geo||
040 _cGE_BSU
041 _ageo
080 _a63 მ-28
100 _aმანჯგალაძე, ს.
_910485
245 _aმორფოგენეზის თავისებურებათა შესწავლა იზოლირებული ქსოვილის კულტურაში : დისერტაცია /
_cსოფიკო მანჯგალაძე; მეცნ. ხელმძღვანელი ა. დიასამიძე. ნ. ზარნაძე; ბათუმის შოთა რუსთაველის სახელმწიფო უნივერსიტეტი.
264 _aბათუმი,
_b
_c2008.
300 _a112 გვ.;
_b30 სმ.
504 _aბიბლიოგრ.: გვ. 98-112
653 _aდისერტაცია
653 _aმორფოგენეზის თავისებუებათა შესწავლა იზოლირებული ქსოვილის კულტურაში.
653 _aმცენარეთა მორფოლოგია
653 _a მცენარეთა კლინიკური სელექცია; რთულყვავილოვანი მცენარეები; ხარიშუბლა;
700 _aდიასამიძე, ა.
_eსამეცნიერო ხელმძღვანელი
_91129
700 _aზარნაძე, ნ.
_eსამეცნიერო ხელმძღვანელი
_910486
710 _aბათუმის შოთა რუსთაველის სახელმწიფო უნივერსიტეტი
_910487
942 _cBK
_2udc